000 00740nam a2200181Ia 4500
008 090630s9999 xx 000 0 und d
082 _b6585
100 _aसौ. जावडेकर शालिनी अ.
245 _aसंत बहिणाबाईची गाथा.
_cसौ. जावडेकर शालिनी अ.
260 _bकॉन्टीनेंटल.
_c1979
300 _a386
600 _aसौ. जावडेकर शालिनी अ.
630 _aसंत बहिणाबाईची गाथा.
655 _aकाव्य.
700 _aसौ. जावडेकर शालिनी अ.
730 _aसंत बहिणाबाईची गाथा.
942 _cBOOK
999 _c258441
_d258441